The Heath introduction to fiction / (Record no. 12425)

000 -LEADER
fixed length control field 00472nam a2200181 a 4500
020 ## - INTERNATIONAL STANDARD BOOK NUMBER
ISBN 0669355054
040 ## - CATALOGING SOURCE
Transcribing agency DLC
082 00 - DEWEY DECIMAL CLASSIFICATION NUMBER
Classification number 808 D.C.H 1996 A092 Or.
245 04 - TITLE STATEMENT
Title The Heath introduction to fiction /
246 30 - VARYING FORM OF TITLE
Title proper/short title Introduction to fiction
250 ## - EDITION STATEMENT
Edition statement 5th ed.
260 ## - PUBLICATION, DISTRIBUTION, ETC. (IMPRINT)
Place of publication Lexington, Mass. :
Name of publisher D.C. Heath,
Year of publication c1996.
300 ## - PHYSICAL DESCRIPTION
Number of Pages xv, 872 p. ;
Dimensions 23 cm.
500 ## - GENERAL NOTE
General note Includes indexes.
650 #0 - SUBJECT ADDED ENTRY--TOPICAL TERM
Topical Term Short stories.
700 1# - ADDED ENTRY--PERSONAL NAME
Personal name Clayton, John Jacob.
942 ## - ADDED ENTRY ELEMENTS (KOHA)
Koha item type សៀវភៅភាសាអង់គ្លេស
952 ## - LOCATION AND ITEM INFORMATION (KOHA)
Withdrawn status [LOCAL, KOHA] 0
Holdings
Permanent Location Date acquired Koha item type Lost status Shelving location Barcode Current Location Full call number
Library Block A2017-08-14សៀវភៅភាសាអង់គ្លេស A095A18531Library Block A808 D.C.H 1996 A095 Or.
មជ្ឈមណ្ឌលឯការនៃសាកលវិទ្យាល័យភូមិន្ទកសិកម្មចំការដូង

Powered by Koha